Probability methods for cost uncertainty analysis: a systems engineering perspective (Record no. 46825)

MARC details
000 -LEADER
fixed length control field 00878nam a2200289Ia 4500
003 - CONTROL NUMBER IDENTIFIER
control field OSt
005 - DATE AND TIME OF LATEST TRANSACTION
control field 20220912150414.0
008 - FIXED-LENGTH DATA ELEMENTS--GENERAL INFORMATION
fixed length control field 220909b |||||||| |||| 00| 0 eng d
020 ## - INTERNATIONAL STANDARD BOOK NUMBER
International Standard Book Number 0824789660 (New York:hbd)
037 ## - SOURCE OF ACQUISITION
Terms of availability Textual
040 ## - CATALOGING SOURCE
Original cataloging agency CSL
Language of cataloging eng
Transcribing agency CSL
041 ## - LANGUAGE CODE
Language code of text/sound track or separate title eng
100 ## - MAIN ENTRY--PERSONAL NAME
Personal name Garvey Paul R
245 #0 - TITLE STATEMENT
Title Probability methods for cost uncertainty analysis: a systems engineering perspective
260 ## - PUBLICATION, DISTRIBUTION, ETC.
Place of publication, distribution, etc. New York Marcel Dekker, Inc
Date of publication, distribution, etc. 2000
300 ## - PHYSICAL DESCRIPTION
Extent xv,401p.
Dimensions cm.
500 ## - GENERAL NOTE
General note Includes bibliographical references; Appendix A-C 345-371p; Index 373-401p
650 ## - SUBJECT ADDED ENTRY--TOPICAL TERM
Topical term or geographic name entry element Probability irt Cost analysis
650 ## - SUBJECT ADDED ENTRY--TOPICAL TERM
Topical term or geographic name entry element Statistics
942 ## - ADDED ENTRY ELEMENTS (KOHA)
Classification part B2810b8K, P0
Koha item type Textual
Source of classification or shelving scheme Colon Classification (CC)
Holdings
Withdrawn status Lost status Damaged status Not for loan Home library Current library Date acquired Source of acquisition Total Checkouts Full call number Barcode Date last seen Price effective from Koha item type
        Central Science Library Central Science Library 2022-09-12 Shankar,   B2810b8K P0 SL1175272 2022-09-12 2022-09-12 Textual
Copyright @ Delhi University Library System